Calibanova vojna /
Na Ganymede masakruje marťanskú čatu obludný supervojak. Na Zemi sa vplyvná politička snaží zabrániť ďalšej medziplanetárnej vojne. Venušu ovládla mimozemská protomolekula a hrozí, že sa rozšíri do celej slnečnej sústavy. James Holden a posádka jeho lode Rocinante udržiavajú mier v službách Aliancie...
Uloženo v:
| Série: | Expanzia,
část 2 |
|---|---|
| Hlavní autor: | |
| Médium: | E-kniha |
| Jazyk: | Czech |
| Vydáno: |
Praha :
Albatros Media Slovakia s.r.o.,
2025
|
| Příbuzné jednotky: | Z cyklu::
Expanzia |
| Tagy: |
Žádné tagy |
| LEADER | 01603nam a22002417i 4500 | ||
|---|---|---|---|
| 001 | 302666 | ||
| 007 | ta | ||
| 008 | 260514s2025 xr ||||| |||| 00| 0 cze d | ||
| 020 | |a 9788056644348 | ||
| 044 | |a xr | ||
| 100 | 1 | |a S. A. Corey, James |4 aut | |
| 245 | 1 | 0 | |a Calibanova vojna / |c S. A. Corey, James |
| 240 | 1 | 0 | |a Caliban's War |
| 264 | 1 | |a Praha : |b Albatros Media Slovakia s.r.o., |c 2025 | |
| 300 | |a 1 online zdroj (544 stran) | ||
| 336 | |a text |b txt |2 rdacontent | ||
| 337 | |a bez média |b n |2 rdamedia | ||
| 338 | |a online zdroj |b cr |2 rdacarrier | ||
| 520 | 2 | |a Na Ganymede masakruje marťanskú čatu obludný supervojak. Na Zemi sa vplyvná politička snaží zabrániť ďalšej medziplanetárnej vojne. Venušu ovládla mimozemská protomolekula a hrozí, že sa rozšíri do celej slnečnej sústavy. James Holden a posádka jeho lode Rocinante udržiavajú mier v službách Aliancie vonkajších planét. Pátrajú po dieťati, ktoré zmizlo na Ganymede zničenom vojnou. Netušia, že budúcnosť ľudstva závisí od toho, či jediná loď dokáže zabrániť mimozemskej invázii, ktorá sa už možno začala... | |
| 787 | 0 | 8 | |g 2 |i Z cyklu: |t Expanzia |
| 910 | |a RBIT002 | ||
| 998 | |d 426868 |a https://core.palmknihy.cz/api/books/426868/cover?tesgh4 |b https://core.palmknihy.cz/api/books/426868/cover/400?tesgh4 |c https://core.palmknihy.cz/api/books/426868/cover/50?tesgh4 |e 2028-05-17 |g 544 |i 9788056644348 |j https://core.palmknihy.cz/api/books/426868/preview.epub |k https://core.palmknihy.cz/api/books/426868/preview.pdf |l |q 49 |r 1 |s https://www.palmknihy.cz/kniha/426868 |t ebook |y 2025 |z 1 |v Expanzia |w 2 | ||
| 999 | |d 302664 | ||